| 000 | 01038nam a2200229Ia 4500 | ||
|---|---|---|---|
| 999 |
_c54071 _d54071 |
||
| 001 | 21125 | ||
| 003 | GE_BSU | ||
| 005 | 20250311125858.0 | ||
| 008 | 181216s2016||||ge |||||||||||||| ||geo|| | ||
| 040 | _cGE_BSU | ||
| 041 | _ageo | ||
| 080 | _a27-36 წ-71 | ||
| 245 |
_aწმინდა ეგნატე ღმერთშემოსული / _cპროექტის რედ. : თამარ მამაცაშვილი ; შემდგ. : კახაბერ კენკიშვილი. |
||
| 264 |
_aთბილისი : _bპალიტრა L, _c2016. |
||
| 300 |
_a177 გვ. ; _c20 სმ. |
||
| 541 | _h2 ლ. | ||
| 653 | _aრელიგია | ||
| 653 | _aწმინდა ეგნატე ღმერთშემოსული | ||
| 700 |
_aკენკიშვილი, კახაბერ _eშემდგენილი _924498 |
||
| 700 |
_aმამაცაშვილი, თამარ _eპროექტის რედაქტორი _924499 |
||
| 942 |
_cBK _2udc |
||